| 000 | 00645nam a22001937a 4500 | ||
|---|---|---|---|
| 999 |
_c10809 _d10809 |
||
| 003 | AR-CdUCM | ||
| 008 | 190402b ||||| |||| 00| 0 spa d | ||
| 040 |
_aMUNICIPALIDAD PROVINCIAL DEL CUSCO _cBIBLIOTECA MUNICIPAL DEL CUSCO |
||
| 082 |
_a802.982 / _bP86 / 1934 |
||
| 100 |
_aPrieto Valdes, Casimiro _927850 |
||
| 245 |
_aEl sombrero de Don Adolfo : _bcaricatura político - dramática / |
||
| 260 |
_aBuenos Aires : _bLa universidad, _c1934. |
||
| 300 |
_a168 páginas ; _c23.5 cm. |
||
| 650 |
_aPolítico _97421 |
||
| 650 |
_aDramática _927851 |
||
| 710 |
_aInstituto de literatura Argentina _927852 |
||
| 942 |
_2ddc _cLIBROS |
||
| 945 | _aacv | ||